000 00627nam a22002417a 4500
003 UA-OsUOA
001 130292
007 ta
008 20180419b un ||||| |||| 00| 0 ukr d
100 _aСичук Ю.
090 _a821.161.2
_bС41
942 _cBK
040 _aUA-OsUOA
_bukr
_cUA-OsUOA
_dUA-OsUOA
245 _aЧас диявола
_bновели, повість
300 _a144 с.
955 _a3
041 _aukr
080 _a821.161.2
020 _a966-8187-10-5
260 _aК.
_bГопак
_c2003
650 7 _a82 Література. Літературознавство
_2UDC
999 _c418307
_d418307